Základy virológie, bakteriológie, epidemiológie a mikrobiologickej laboratórnej práce. /
Uložené v:
| Hlavný autor: | |
|---|---|
| Médium: | Kniha |
| Jazyk: | Slovak |
| Vydané: |
Prešov :
Prešovská univerzita - Fakulta humanitných a prírodných vied,
1998
|
| Vydanie: | 1. vyd. |
| Témy: | |
| ISBN: |
8088885485 (brož.) |
| Fyzický popis: |
152 s. |
| Tagy: |
Pridať tag
Žiadne tagy, Buďte prvý kto otaguje tento záznam!
|
Titul je dostupný aj v ... 

MARC
| LEADER | 00000nam a2200000 a 4500 | ||
|---|---|---|---|
| 001 | 000057430 | ||
| 003 | SVKK | ||
| 005 | 20010326000000.0 | ||
| 008 | 010301s1998 xo e sloo | ||
| 020 | |a 8088885485 (brož.) | ||
| 040 | |a SVKKK |b slo |c SVKKK |e AACR2 | ||
| 041 | 0 | |a slo | |
| 044 | |a xo |c SK | ||
| 080 | |a 578.2(075.8) |2 1997 | ||
| 080 | |a 579.2(075.8) |2 1997 | ||
| 080 | |a 616-036.22(075.8) |2 1997 | ||
| 100 | 1 | |a Juriš, Peter |4 aut | |
| 245 | 1 | 0 | |a Základy virológie, bakteriológie, epidemiológie a mikrobiologickej laboratórnej práce. / |c Peter Juriš |
| 250 | |a 1. vyd. | ||
| 260 | |a Prešov : |b Prešovská univerzita - Fakulta humanitných a prírodných vied, |c 1998 | ||
| 300 | |a 152 s. | ||
| 653 | 0 | |a virológia |2 SVKKKPH | |
| 653 | 0 | |a bakteriológia |2 SVKKKPH | |
| 653 | 0 | |a epidemiológia |2 SVKKKPH | |
| 653 | 0 | |a texty učebné |2 SVKKKPH | |
| 655 | 7 | |a učebnice vysokých škôl |2 SVKKKPH | |
| 910 | |a svkkk | ||
| 919 | |a 80-88885-48-5 | ||
| 974 | |a MI |d 20010326 | ||
| 974 | |a KL |d 20010312 | ||
| 974 | |a MI |d 20010326 | ||
| 998 | |a BK | ||
| 090 | |g SCKHL |k Sklad Pribinova 2. posch. |a III.188449 |j 938234 |i 2720086187 |s Absenčne | ||
| 090 | |g SCKHL |k Sklad Pribinova 2. posch. |a III.188450 |j 938235 |i 2720124581 |s Absenčne | ||